00530nam a2200181 a 45000010010000000030011000100080041000210350026000620820016000881000020001042450029001242600039001536500018001929420012002109520091002229980020003139990015003330000-9216ELIB.Books110520 2001  a(ELIB.Books)0000-9368 a221.6 bGun aGunkel, Hermann aWater for a Thirsty Land bMinneapolis: Fortress Press c2001 aOld Testament 2ddccBK 00102ddc4070aKBTSbKBTSd2011-05-20l0p11396r2022-01-22 00:00:00w2022-01-22yBK cbate2011-05-20 c9216d9216